| 000 | 01758nam0a22003971 4500 | ||
|---|---|---|---|
| 001 | rc\3049638 | ||
| 005 | 20250806202302.0 | ||
| 035 | _a(NLR Aleph) 007189227 | ||
| 090 |
_a46047 _c46047 |
||
| 100 | _a20111010d1945 u y0rusy50 ca | ||
| 101 | 0 | _arus | |
| 102 | _aRU | ||
| 105 | _ay z ||||| | ||
| 200 | 1 |
_aМарт - апрель _e[Рассказы] _fВ. Кожевников |
|
| 210 |
_a[Москва] _cМол. гвардия _d1945 _gтип. "Кр. знамя" |
||
| 215 |
_a71 с. _d16 см |
||
| 327 | 1 | _aСодерж.: Март - апрель; Человек с топором; Два сапера; Девушка, которая шла впереди; Ганси Киля; Неспокойный человек; Ссора; Весенние ручьи; Вот так весна!; Концертный номер; На старом заводе | |
| 464 | 0 | _12001#$aМарт - апрель | |
| 464 | 0 | _12001#$aЧеловек с топором | |
| 464 | 0 | _12001#$aДва сапера | |
| 464 | 0 | _12001#$aДевушка, которая шла впереди | |
| 464 | 0 | _12001#$aГанси Киля | |
| 464 | 0 | _12001#$aНеспокойный человек | |
| 464 | 0 | _12001#$aСсора | |
| 464 | 0 | _12001#$aВесенние ручьи | |
| 464 | 0 | _12001#$aВот так весна! | |
| 464 | 0 | _12001#$aКонцертный номер | |
| 464 | 0 | _12001#$aНа старом заводе | |
| 700 | 1 |
_aКожевников _bВ. М. _f1909-1984 _gВадим Михайлович _3RU\NLR\auth\7746721 |
|
| 801 | 0 |
_aRU _bNLR _gpsbo |
|
| 801 | 1 |
_aRU _bELAR _2rusmarc |
|
| 852 |
_aNLR _bЛ _j30 Г-2/1291 |
||
| 942 | _cBOOK | ||
| 945 | _aРоссийская национальная библиотека | ||
| 980 | _aNB | ||
| 980 | _aBV | ||